000 00872nam a2200217Ia 4500
003 OSt
005 20250203102843.0
008 210210b2002 xxu||||| |||| 00| 0 eng d
020 _a81 86668 39 X
040 _cAL
041 _aKannada
082 _a494K KUKD
100 _aKUKKILA KRASHNABHATTA.
_dಕುಕ್ಕಿಲ ಕೃಷ್ಣಭಟ್ಟ
_9197096
245 _aDravida chandassu; tamilu chandassina vivechane mattu 'tolkappiyam' bhaganuvada.
_bದ್ರಾವಿಡ ಛಂದಸ್ಸು; ತಮಿಳು ಛಂದಸ್ಸಿನ ವಿವೇಚನೆ ಮತ್ತು 'ತೋಲ್ಕಾಪ್ಪಿಯಂ' ಭಾಗನುವಾದ.
260 _aUdupi
_bRashtrakakvi Govinda Pai Samshodhana Kendra
_c2002
300 _a30,108
650 _aTolkappiyam Ganesh Ar
_9197097
690 _aDravidian Language
_9197098
906 _a058351
942 _2ddc
_cBK
999 _c105838
_d105838